003120000a220007300045001000018000002450111000183000054001297730055001831 aProctor, John10aMark by James A. Brooks. Acts by John B. Polhill. Philippians, Colossians, Philemon by Richard R. Melick aVol. LXVI, No. 1 (January, 1994), Páginas 78-810 tThe evangelical quarlerly : An international revie